000 01039nam a2200265 i 4500
001 bg
100 1 _aBADYDA, Krzysztof
245 1 0 _aZagadnienia modelowania matematycznego instalacji energetycznych /
_cKrzysztof Badyda.
260 _aWarszawa :
_bOficyna Wydawnicza PW,
_c2001.
300 _a117 s. :
_brys., wykr. ;
_c24 cm.
490 1 _aPrace Naukowe / Politechnika Warszawska. Mechanika,
_x0137-2335 ;
_vz. 189
500 _aW nagł. nazwa serii: Prace Naukowe Politechniki Warszawskiej. - Opis wg okł. - Streszcz. ang.
504 _aBibliogr.
650 9 _aModele matematyczne
_xstosowanie
_xenergetyka
650 9 _aElektrociepłownie
_xurządzenia
_xbadanie
650 9 _aEnergetyka
_xurządzenia
_xbadanie
650 9 _aInstalacje elektryczne
_abadanie
_ametody
650 9 _aSieć elektryczna
_abadanie
_ametody
830 0 _aPrace Naukowe (Politechnika Warszawska).
_pMechanika ;
_vz. 189
040 _cBPK
041 0 _apl
_ben
080 _a621.31:621.1]::51
942 _cKS
008 s pl f |000 0 pol
999 _c40633
_d40633
856 _uhttp://koha.tu.koszalin.pl/cgi-bin/koha/opac-detail.pl?biblionumber=40633
_yKatalog online BPK